Priemyselný interiér a design v architektúre obslužných zariadení diaľnic : Kandidátska dizertačná práca /

Guardado en:
Detalles Bibliográficos
Autor principal: Petelen, Ivan, 1947- (Autor)
Otros Autores: Pokorný, Jaromír (Orientador)
Formato: Manuscrito Libro
Lenguaje:eslovaco
Materias:
Etiquetas: Agregar Etiqueta
Sin Etiquetas, Sea el primero en etiquetar este registro!

MARC

LEADER 00000ntm a22000003a 4500
001 0115239
003 SK-STU
005 20250506150458.4
007 ta
008 250506s2025----xo-----f-mn---000-0-slo-d
040 |a STU  |b slo 
041 0 |a slo 
044 |a xo  |c SK 
100 1 |a Petelen, Ivan,  |d 1947-  |4 aut  |X 451  |7 A000000451 
245 1 0 |a Priemyselný interiér a design v architektúre obslužných zariadení diaľnic :  |b Kandidátska dizertačná práca /  |c aut. Ivan Petelen ; škol. Jaromír Pokorný 
246 1 3 |a Bratislava :  |b Slovenská vysoká škola technická v Bratislave, Fakulta architektúry,  |c 1986 
300 |a 170 s. 
650 0 7 |a interiérový dizajn 
650 0 7 |a čerpacie stanice 
650 0 7 |a dizajn nábytkový 
650 0 7 |a odpočívadlo Sekule 
650 0 7 |a motorest Mlynská dolina 
650 0 7 |a diaľničné centrum Liptovský Hrádok - Velínok 
700 1 |a Pokorný, Jaromír  |4 ths 
996 |b 284AU10331  |c A* 242/V  |l AAKNST  |s P  |a 0  |w 0115239_0001